000 00623nam a2200229 a 4500
005 20140310183449.0
008 081205s19uu xx 00 eng d
020 _a9780135009338
050 _aHD 30.27
_b.H37 2009
100 _aHanke, John E.
245 _aBusiness forecasting /
_cJohn E. Hanke
250 _a9th ed.
260 _aNew Jersey :
_bPearson Education,
_c2009.
300 _a551 p. :
_bill. (some col.) ;
_c26 cm.
521 _aBSBA
650 _aBSBA.
650 _aCorporation reports.
650 _aBusiness forecasting.
700 _aWichern, Dean W.
942 _cBK
_2lcc
_kFOR
999 _c23315
_d23315